01235 2200229 4500001002100000005001500021035002000036007000300056008004100059040001200100100001800112245009600130250001100226300002100237020002200258082001400280084002000294260003800314500062400352650001700976850001200993INLIS00000000069456120220831080134 a0010-0822000094ta220831 0 ind  aJIPUBAY0 aFeri Tjahjono1 aPetuah Krishna :bkata-kata bijak dan ajaran moral dalam kisah mahabharata /cFeri Tjahjono aCet. I a232 hlm ;c19 cm a978-602-71535-1-6 a294.592 3 a294.592 3 FER p aYogyakarta :bIstana Media,c2022 aKata-kata mutiara yang muncul dalam percakapan serial drama Mahabharata sebenarnya tidak sepenuhnya berisi ajaran kebijaksanaan dalam kehidupan sehari-hari. Kata-kata bijak Mahabharata justru muncul saat terjadi pertikaian antara Pandawa dan Kurawa. Sangat banyak wejangan yang diberikan oleh Krishna, kesemuanya syarat dengan nilai moral yang pastinya akan memberikan pencerahan dan pengetahuan kepada kita semua. Untuk itulah, kita perlu tahu wejangan-wejangan apa saja yang pernah diberikan oleh Krishna agar nantinya bisa menjadi motivasi, semangat, dan pedoman kita dalam menghadapi setiap kondisi dalam kehidupan. 4aBhagawadgita aJIPUBAY